|
|
|
|
| LEADER |
00000nam a2200000 i 4500 |
| 001 |
1/79824 |
| 008 |
990506s1995 eng d |
| 020 |
|
|
|a 0-7167-2382-4
|
| 035 |
|
|
|l 10050482
|
| 040 |
|
|
|a GR-MY-UA
|b gre
|e aacr
|
| 041 |
0 |
|
|a eng
|
| 082 |
0 |
|
|a 155.4136
|
| 100 |
1 |
|
|a Engel, Susan.
|
| 245 |
1 |
4 |
|a The stories Children tell :
|b making sense of the narratives of childhood /
|c Susan Engel
|
| 260 |
|
|
|a New York :
|b Freeman,
|c 1995
|
| 300 |
|
|
|a 244 p.
|
| 650 |
0 |
0 |
|a Symbolism (Psychology) in children.
|
| 650 |
0 |
0 |
|a Storytelling ability in children.
|
| 852 |
|
|
|a INST
|b RHODES
|e 19990506
|h 155.4136 ENG
|p 005400011786
|q 005400011786
|t BK
|y 0
|
| 901 |
|
|
|a BIBL-1999-1
|
| 909 |
|
|
|a Ρ
|b 065311
|c 1999
|
| 922 |
|
|
|a 4ΕΛΗ
|b 199903
|